The flying beaver brothers #2 and the evil penguin ... Read More
Available copies
- 2 of 3 copies available at LARL/NWRL Consortium.
- 1 of 2 copies available at Northwest Regional Library. (Show preferred library)
Current holds
0 current holds with 3 total copies.
Show Only Available Copies
| Location | Call Number / Copy Notes | Barcode | Shelving Location | Status | Due Date |
|---|---|---|---|---|---|
| Godel Memorial-Warren Library | j EAT (Text) | 35500005026495 | Main | Available | - |
| Greenbush Public Library | j EAT (Text) | 35500005026271 | Main | Checked out | 05/26/2026 |
| Moorhead Public Library | J G EAT (Text) | 33500010677177 | Main | Available | - |
Record details
- ISBN: 9780375964473 (lib. bdg.)
- ISBN: 0375964479 (lib. bdg.)
- ISBN: 9780375864476 (pbk.)
- ISBN: 0375864474 (pbk.)
- Physical Description: 1 v. (unpaged) : chiefly col. ill. ; 19 cm.
- Edition: 1st ed.
- Publisher: New York : Alfred A. Knopf, 2012.
Content descriptions
| Summary, etc.: | Two beavers thwart an evil plot by penguins who ... Read More |
Search for related items by subject
| Genre: | Adventure fiction. Graphic novels. |
Search for related items by series
| LDR | 02027cam a2200517 a 4500 | ||
|---|---|---|---|
| 001 | 138420 | ||
| 003 | LARL_NWRL_CONSORTIUM | ||
| 005 | 20120308083656.0 | ||
| 008 | 110114s2012 nyua b 000 1 eng | ||
| 010 | . | ‡a2010050652 | |
| 020 | . | ‡a9780375964473 (lib. bdg.) | |
| 020 | . | ‡a0375964479 (lib. bdg.) | |
| 020 | . | ‡a9780375864476 (pbk.) | |
| 020 | . | ‡a0375864474 (pbk.) | |
| 035 | . | ‡a(OCoLC)702353364 | |
| 040 | . | ‡aDLC ‡cDLC ‡dJRS ‡dOCLCO ‡dBKX ‡dBDX | |
| 042 | . | ‡alcac ‡apcc | |
| 050 | 0 | 0. | ‡aPZ7.E3892 ‡bFly 2012 |
| 082 | 0 | 0. | ‡a[E] ‡222 |
| 082 | 0 | 4. | ‡a741.5/973 ‡a[E] ‡223 |
| 100 | 1 | . | ‡aEaton, Maxwell. ‡0(LARL_NWRL_CONSORTIUM)195300 |
| 245 | 1 | 4. | ‡aThe flying beaver brothers ‡n#2 ‡b and the evil penguin plan / ‡cMaxwell Eaton III. |
| 246 | 3 | . | ‡aEvil penguin plan |
| 250 | . | ‡a1st ed. | |
| 260 | . | ‡aNew York : ‡bAlfred A. Knopf, ‡c2012. | |
| 300 | . | ‡a1 v. (unpaged) : ‡bchiefly col. ill. ; ‡c19 cm. | |
| 490 | 0 | . | ‡aFlying beaver brothers ; ‡v2 |
| 520 | . | ‡aTwo beavers thwart an evil plot by penguins who plan to turn Beaver Island into a frosty resort. | |
| 650 | 1. | ‡aBeavers ‡vFiction. | |
| 650 | 1. | ‡aPenguins ‡vFiction. | |
| 650 | 1. | ‡aIslands ‡vFiction. ‡0(LARL_NWRL_CONSORTIUM)165223 | |
| 650 | 1. | ‡aAdventure and adventurers ‡vFiction. ‡0(LARL_NWRL_CONSORTIUM)175858 | |
| 650 | 1. | ‡aCartoons and comics. ‡0(LARL_NWRL_CONSORTIUM)175912 | |
| 650 | 0. | ‡aBeavers ‡vJuvenile fiction. | |
| 650 | 0. | ‡aPenguins ‡vJuvenile fiction. ‡0(LARL_NWRL_CONSORTIUM)174000 | |
| 650 | 0. | ‡aIslands ‡vJuvenile fiction. ‡0(LARL_NWRL_CONSORTIUM)170006 | |
| 655 | 7. | ‡aAdventure fiction. ‡2gsafd | |
| 655 | 7. | ‡aGraphic novels. ‡2lcsh | |
| 948 | . | ‡hNO HOLDINGS IN LAL - 265 OTHER HOLDINGS | |
| 994 | . | ‡aZ0 ‡bLAL | |
| 901 | . | ‡a138420 ‡bOCLC ‡c138420 ‡tbiblio | |

Add to basket
Permalink
Disable Highlighting